| 000 | 00645cam a22002053a 4500 | ||
|---|---|---|---|
| 001 | 38707 | ||
| 003 | PGUSA | ||
| 005 | 20140828083844.0 | ||
| 008 | 120129s2012||||xxu|||||s|||||000 | eng d | ||
| 040 |
_aPGUSA _beng |
||
| 042 | _adc | ||
| 100 | 1 | _aDessauer, Ernst | |
| 245 | 1 | 0 |
_aWackenroders „Herzensergießungen eines kunstliebenden Klosterbruders“ in ihrem Verhältnis zu Vasari _h[electronic resource] / _cErnst Dessauer |
| 260 |
_bProject Gutenberg, _c2012 |
||
| 506 | _aPublic domain in the USA. | ||
| 516 | _aElectronic text | ||
| 830 | 0 |
_aProject Gutenberg _v38707 |
|
| 856 | 4 | 0 | _uhttp://www.gutenberg.org/ebooks/38707 |
| 942 | _cEB | ||
| 999 |
_c267961 _d267961 |
||